Loading...
| Other - Geo/CE | 2 | 2 | 0 | 1 | 50 | 23 | 75.00 | 2 | 2 |
| Arts - Painting | 2 | 1 | 0 | 0 | 40 | 70 | 80.67 | 1 | 3 |
| History - American History | 3 | 0 | 2 | 0 | 35 | 17 | 33.33 | 2 | 3 |
| Other - Pop Culture | 0 | 3 | 0 | 2 | 30 | 130 | 132.67 | 0 | 2 |
| Arts - Other Arts | 2 | 1 | 2 | 1 | 30 | 17 | 55.67 | 1 | 2 |
| Science - Other Science | 2 | 0 | 1 | 0 | 25 | 30 | 45.00 | 1 | 2 |
| Thought - Social Science | 0 | 2 | 0 | 0 | 20 | 86 | 93.00 | 0 | 1 |
| History - Euro History | 0 | 2 | 0 | 0 | 20 | 104 | 105.00 | 0 | 1 |
| Literature - American Lit | 1 | 0 | 0 | 0 | 15 | 63 | 63.00 | 0 | 1 |
| Literature - British Lit | 0 | 1 | 0 | 0 | 10 | 95 | 95.00 | 0 | 1 |
| Other - Other Academic | 0 | 1 | 0 | 0 | 10 | 98 | 98.00 | 0 | 0 |
| History - Other History | 0 | 1 | 0 | 0 | 10 | 79 | 79.00 | 1 | 1 |
| Thought - Philosophy | 0 | 1 | 0 | 0 | 10 | 96 | 96.00 | 0 | 1 |
| Literature - World Lit | 0 | 0 | 1 | 0 | -5 | 0.00 | 0 | 0 | |
| Beliefs - Mythology | 0 | 0 | 1 | 0 | -5 | 0.00 | 0 | 0 |